[Event "World Corporate East D"]
[Site "Chess.com INT"]
[Date "2021.02.20"]
[Round "5.2"]
[White "Beltz, Franziska"]
[Black "Ginzburg, Igor"]
[Result "0-1"]
[WhiteElo "2072"]
[BlackElo "2020"]
[PlyCount "52"]
[EventDate "2021.02.19"]
[EventType "team (rapid)"]
[EventRounds "7"]
[EventCountry "USA"]
[SourceTitle "EXT 2022"]
[Source "ChessBase"]
[SourceDate "2021.10.06"]
[SourceVersion "1"]
[SourceVersionDate "2021.10.06"]
[SourceQuality "1"]
[WhiteTeam "EMCO"]
[BlackTeam "Slav Group"]
[WhiteTeamCountry "GER"]
[BlackTeamCountry "ISR"]

1. e4 c5 2. Nf3 e6 3. d4 cxd4 4. Nxd4 Nf6 5. Bd3 Nc6 6. Nb3 d6 7. 0-0 Be7 8. Kh1 0-0 9. f4 Bd7 10. Nc3 Rc8 11. Qe2 e5 12. Nd5 Nxd5 13. exd5 Nb4 14. fxe5 dxe5 15. Qxe5 Nxd3 16. cxd3 Bf6 17. Qg3 Re8 18. d4 Bb5 19. Rd1 Qxd5 20. Bh6 Re2 21. Rac1 Bc6 22. Rg1 Rce8 23. Rcf1 Rxb2 24. Rxf6 Rxg2 25. Qxg2 Qxg2+ 26. Rxg2 Re1+ 0-1

[Event "World Corporate East D"]
[Site "Chess.com INT"]
[Date "2021.02.20"]
[Round "6.1"]
[White "Homiakova, Elena"]
[Black "Beltz, Franziska"]
[Result "1-0"]
[WhiteElo "2113"]
[BlackElo "2072"]
[PlyCount "57"]
[EventDate "2021.02.19"]
[EventType "team (rapid)"]
[EventRounds "7"]
[EventCountry "USA"]
[SourceTitle "EXT 2022"]
[Source "ChessBase"]
[SourceDate "2021.10.06"]
[SourceVersion "1"]
[SourceVersionDate "2021.10.06"]
[SourceQuality "1"]
[WhiteTeam "Sberbank Trade Union"]
[BlackTeam "EMCO"]
[WhiteTeamCountry "RUS"]
[BlackTeamCountry "GER"]

1. e4 c5 2. Nf3 d6 3. d4 cxd4 4. Nxd4 Nf6 5. Nc3 a6 6. Be2 e6 7. 0-0 Nbd7 8. f4 b5 9. Bf3 Bb7 10. e5 Bxf3 11. Qxf3 dxe5 12. Nc6 Qc7 13. fxe5 Rc8 14. exf6 gxf6 15. Nd4 Bc5 16. Be3 Qb6 17. Rad1 e5 18. Nf5 Bxe3+ 19. Qxe3 Qxe3+ 20. Nxe3 Rg8 21. Ncd5 Rg6 22. c3 Kf8 23. Nf5 Nc5 24. Nd6 Rd8 25. Nxf6 Ne6 26. Nxh7+ Kg7 27. Rxf7+ Kh8 28. Nf6 Nf4 29. Rh7# 1-0

[Event "BL2 Sued 1617 (Women)"]
[Site "Germany"]
[Date "2017.01.21"]
[Round "3.1"]
[White "Worek, Joanna"]
[Black "Beltz, Franziska"]
[Result "1-0"]
[WhiteElo "2344"]
[BlackElo "2033"]
[PlyCount "81"]
[EventDate "2016.10.22"]
[EventType "team-tourn"]
[EventRounds "7"]
[EventCountry "GER"]
[SourceTitle "EXT 2018"]
[Source "ChessBase"]
[SourceDate "2017.10.13"]
[SourceVersion "1"]
[SourceVersionDate "2017.10.13"]
[SourceQuality "1"]
[WhiteTeam "Schott Mainz (W)"]
[BlackTeam "Leipzig SG (W)"]
[WhiteTeamCountry "GER"]
[BlackTeamCountry "GER"]

1. d4 d5 2. Bf4 Nf6 3. Nc3 g6 4. h4 Bg7 5. e3 c5 6. Nb5 Na6 7. Be2 h6 8. Nf3 Qa5+ 9. c3 c4 10. a4 Bd7 11. b4 cxb3 12. Qxb3 0-0 13. 0-0 Rfc8 14. Ne5 Be6 15. Rfc1 Nb8 16. Nd3 Nbd7 17. Na3 Ne4 18. Nb4 Nb6 19. f3 Nd2 20. Qd1 Ndc4 21. Nxc4 Nxc4 22. e4 dxe4 23. fxe4 Nb2 24. Qd2 Nxa4 25. e5 Kh7 26. h5 b5 27. Bf3 Qb6 28. Bxa8 Rxa8 29. Be3 Qb7 30. Nd3 Rc8 31. Nf4 Bf5 32. Bf2 Nb6 33. Qe2 g5 34. Nd3 Nd5 35. Nc5 Qc6 36. Qf3 Be6 37. Ra6 Qc7 38. Qe4+ Kg8 39. Rxe6 fxe6 40. Nxe6 Qd7 41. Qg6 1-0

[Event "BL 1415 (Women)"]
[Site "Germany"]
[Date "2015.04.19"]
[Round "11.1"]
[White "Zschischang, Marine"]
[Black "Beltz, Franziska"]
[Result "1-0"]
[WhiteElo "2086"]
[BlackElo "2141"]
[PlyCount "79"]
[EventDate "2014.09.27"]
[EventType "team-tourn"]
[EventRounds "11"]
[EventCountry "GER"]
[SourceTitle "CBM 166 Extra"]
[Source "ChessBase"]
[SourceDate "2015.06.18"]
[SourceVersion "1"]
[SourceVersionDate "2015.06.18"]
[SourceQuality "1"]
[WhiteTeam "Lehrte (W)"]
[BlackTeam "Leipzig SG (W)"]
[WhiteTeamCountry "GER"]
[BlackTeamCountry "GER"]

1. e4 c5 2. c4 Nc6 3. Nc3 g6 4. g3 Bg7 5. Bg2 e6 6. Nge2 Nge7 7. 0-0 0-0 8. f4 d6 9. d3 Rb8 10. Rb1 a6 11. b3 b5 12. Bb2 Bd7 13. Nc1 Qb6 14. N3e2 b4 15. Bxg7 Kxg7 16. h3 a5 17. Kh2 Ra8 18. g4 f5 19. exf5 gxf5 20. g5 Ra7 21. Ng3 Be8 22. Nh5+ Bxh5 23. Qxh5 Ng6 24. Ne2 a4 25. Qh6+ Kh8 26. Ng3 Nce7 27. Rbe1 e5 28. fxe5 dxe5 29. bxa4 Rxa4 30. Nh5 Rf7 31. Nf6 Qd6 32. Rf2 Nf4 33. Rd1 e4 34. Kg1 Nxd3 35. Nxe4 Qxh6 36. gxh6 Nxf2 37. Rd8+ Ng8 38. Nd6 Nxh3+ 39. Kf1 Rf6 40. Bd5 1-0

[Event "Oberliga Ost-A 1415"]
[Site "Germany"]
[Date "2014.12.07"]
[Round "5.4"]
[White "Hansch, Karsten"]
[Black "Beltz, Franziska"]
[Result "1-0"]
[WhiteElo "2181"]
[BlackElo "2141"]
[PlyCount "67"]
[EventDate "2014.09.21"]
[EventType "team-tourn"]
[EventRounds "11"]
[EventCountry "GER"]
[SourceTitle "EXT 2016"]
[Source "ChessBase"]
[SourceDate "2015.10.08"]
[SourceVersion "1"]
[SourceVersionDate "2015.10.08"]
[SourceQuality "1"]
[WhiteTeam "Magdeburg Aufbau Elbe"]
[BlackTeam "Leipzig SG II"]
[WhiteTeamCountry "GER"]
[BlackTeamCountry "GER"]

1. c4 Nf6 2. g3 g6 3. Bg2 d5 4. cxd5 Nxd5 5. Nc3 Nxc3 6. bxc3 Bg7 7. Rb1 c6 8. Nf3 Nd7 9. 0-0 0-0 10. Qc2 e5 11. d3 h6 12. Ba3 Re8 13. Nd2 Qc7 14. Nc4 c5 15. Ne3 f5 16. Bxb7 Rb8 17. Bd5+ Kh7 18. Qa4 Rxb1 19. Rxb1 Rd8 20. Bg2 Nb6 21. Qc6 Qf7 22. c4 e4 23. Bxc5 Bb7 24. Qb5 f4 25. gxf4 exd3 26. Bxb6 axb6 27. Qxb6 Rd7 28. Bxb7 Bd4 29. Qb3 dxe2 30. Bf3 Qxf4 31. Bxe2 Rf7 32. Rf1 Be5 33. Ng4 Bc7 34. Qe3 1-0

[Event "BL 1415 (Women)"]
[Site "Germany"]
[Date "2014.11.29"]
[Round "3.1"]
[White "Beltz, Franziska"]
[Black "Zatonskih, Anna"]
[Result "0-1"]
[WhiteElo "2141"]
[BlackElo "2469"]
[PlyCount "76"]
[EventDate "2014.09.27"]
[EventType "team-tourn"]
[EventRounds "11"]
[EventCountry "GER"]
[SourceTitle "CBM 166 Extra"]
[Source "ChessBase"]
[SourceDate "2015.06.18"]
[SourceVersion "1"]
[SourceVersionDate "2015.06.18"]
[SourceQuality "1"]
[WhiteTeam "Leipzig SG (W)"]
[BlackTeam "Baden-Baden (W)"]
[WhiteTeamCountry "GER"]
[BlackTeamCountry "GER"]

1. e4 e6 2. Qe2 c5 3. g3 Nc6 4. c3 g6 5. Bg2 Bg7 6. d3 Nge7 7. Nf3 d6 8. Be3 e5 9. Qd2 0-0 10. Bh6 d5 11. Qg5 f6 12. Qd2 Be6 13. Na3 Qd7 14. b3 Rfd8 15. Bxg7 Kxg7 16. Rd1 Rab8 17. 0-0 Bg4 18. Qc1 b5 19. Nc2 b4 20. Ne3 Bxf3 21. Bxf3 bxc3 22. exd5 Nd4 23. Kg2 Nxf3 24. Kxf3 Nxd5 25. Qc2 Qb7 26. Ke2 Qa6 27. Nxd5 Rxd5 28. f3 Qa5 29. Rf2 Rbd8 30. Rff1 Qb4 31. Ke3 f5 32. Rfe1 e4 33. dxe4 Rd2 34. Rxd2 Rxd2 35. Qc1 Qd4+ 36. Kf4 h6 37. h4 Kf6 38. g4 g5+ 0-1

[Event "Reykjavik op"]
[Site "Reykjavik"]
[Date "2014.03.12"]
[Round "10"]
[White "Beltz, Franziska"]
[Black "Aubert, Carsten"]
[Result "1-0"]
[WhiteElo "2155"]
[BlackElo "1997"]
[PlyCount "79"]
[EventDate "2014.03.04"]
[EventType "swiss"]
[EventRounds "10"]
[EventCountry "ISL"]
[SourceTitle "CBM 159 Extra"]
[Source "ChessBase"]
[SourceDate "2014.04.24"]
[SourceVersion "1"]
[SourceVersionDate "2014.04.24"]
[SourceQuality "1"]

1. e4 e5 2. Nf3 Nc6 3. d4 exd4 4. Nxd4 Nf6 5. Nxc6 bxc6 6. Nd2 d6 7. Bd3 Be7 8. 0-0 0-0 9. f4 d5 10. e5 Bc5+ 11. Kh1 Ng4 12. Qe1 g6 13. Nf3 Nh6 14. Qc3 Qe7 15. f5 Nxf5 16. Bxf5 Bb4 17. Qxc6 Bxf5 18. c3 Ba5 19. Qxd5 Bb6 20. Bg5 Qe6 21. Qb5 c6 22. Qb4 Bd3 23. Rfd1 Be2 24. Rd6 Qf5 25. Rf6 Qd3 26. Qh4 h5 27. Rd6 Qxf3 28. Bf6 Qg4 29. Qe1 Bf3 30. Qd2 Bd5 31. Rxd5 Kh7 32. Rd3 Rae8 33. Rg3 Qf5 34. Rf3 Qe4 35. Re1 Qc4 36. Rf4 Qxa2 37. Rh4 Bd8 38. Rf1 Qe6 39. Qg5 Rg8 40. Rxh5+ 1-0

[Event "Reykjavik op"]
[Site "Reykjavik"]
[Date "2014.03.11"]
[Round "9"]
[White "Thorgeirsson, Jon Kristinn"]
[Black "Beltz, Franziska"]
[Result "1/2-1/2"]
[WhiteElo "1883"]
[BlackElo "2155"]
[PlyCount "83"]
[EventDate "2014.03.04"]
[EventType "swiss"]
[EventRounds "10"]
[EventCountry "ISL"]
[SourceTitle "CBM 159 Extra"]
[Source "ChessBase"]
[SourceDate "2014.04.24"]
[SourceVersion "1"]
[SourceVersionDate "2014.04.24"]
[SourceQuality "1"]

1. e4 c5 2. Nf3 d6 3. d4 cxd4 4. Nxd4 Nf6 5. Nc3 a6 6. Be2 e6 7. Be3 Nbd7 8. f4 b5 9. a3 Bb7 10. Bf3 Qc7 11. Qe2 Rc8 12. 0-0 Be7 13. g4 Nc5 14. Bf2 0-0 15. g5 Nfd7 16. Kh1 Rfe8 17. Bg3 g6 18. h4 e5 19. Nb3 exf4 20. Bxf4 Bf8 21. Nxc5 Qxc5 22. Bg2 Bg7 23. Rf3 d5 24. Rd1 dxe4 25. Re3 Nb6 26. Re1 Qc4 27. Qg4 Nd5 28. Rxe4 Rxe4 29. Rxe4 Qc5 30. Bd6 Qxd6 31. Nxd5 Rd8 32. Ne7+ Kh8 33. Re1 Bxg2+ 34. Qxg2 Qf4 35. Qe4 Qf2 36. Nd5 Bxb2 37. Rg1 Rc8 38. c3 Bxa3 39. Qe5+ Kg8 40. Nf6+ Kf8 41. Nxh7+ Kg8 42. Nf6+ 1/2-1/2

[Event "Reykjavik op"]
[Site "Reykjavik"]
[Date "2014.03.09"]
[Round "7"]
[White "Mehringer, Joerg"]
[Black "Beltz, Franziska"]
[Result "0-1"]
[WhiteElo "1927"]
[BlackElo "2155"]
[PlyCount "70"]
[EventDate "2014.03.04"]
[EventType "swiss"]
[EventRounds "10"]
[EventCountry "ISL"]
[SourceTitle "CBM 159 Extra"]
[Source "ChessBase"]
[SourceDate "2014.04.24"]
[SourceVersion "1"]
[SourceVersionDate "2014.04.24"]
[SourceQuality "1"]

1. e4 c5 2. Nc3 Nc6 3. g3 g6 4. Bg2 Bg7 5. Nge2 e6 6. 0-0 Nge7 7. d3 0-0 8. Bg5 h6 9. Be3 Nd4 10. Qd2 Kh7 11. Nd1 d5 12. Nf4 dxe4 13. dxe4 Qb6 14. c3 Rd8 15. Qc1 e5 16. cxd4 cxd4 17. Ne2 dxe3 18. Nxe3 Be6 19. b3 Rac8 20. Qb2 Qb4 21. Rfd1 a5 22. Rxd8 Rxd8 23. Nc3 Rd3 24. Rc1 Qd4 25. Rc2 Qb4 26. Bf1 Rd4 27. Nc4 Nc6 28. a3 Qe7 29. Nb5 Rxe4 30. Nbd6 Re1 31. Qc3 Rd1 32. Ne4 Nd4 33. Rb2 Bh3 34. Ne3 Ra1 35. Nd2 Ne2+ 0-1

[Event "Reykjavik op"]
[Site "Reykjavik"]
[Date "2014.03.05"]
[Round "3"]
[White "Djurhuus, Eivind X"]
[Black "Beltz, Franziska"]
[Result "0-1"]
[WhiteElo "1953"]
[BlackElo "2155"]
[PlyCount "50"]
[EventDate "2014.03.04"]
[EventType "swiss"]
[EventRounds "10"]
[EventCountry "ISL"]
[SourceTitle "CBM 159 Extra"]
[Source "ChessBase"]
[SourceDate "2014.04.24"]
[SourceVersion "1"]
[SourceVersionDate "2014.04.24"]
[SourceQuality "1"]

1. c4 Nf6 2. Nc3 d5 3. cxd5 Nxd5 4. Nf3 g6 5. Qb3 Nb6 6. d4 Bg7 7. e4 0-0 8. Be3 Bg4 9. 0-0-0 Nc6 10. d5 Ne5 11. h3 Bd7 12. Nxe5 Bxe5 13. f4 Bg7 14. g4 c6 15. dxc6 bxc6 16. Be2 Rb8 17. Qc2 Qc7 18. e5 Qb7 19. Rd2 Nd5 20. Nxd5 cxd5 21. Kb1 d4 22. Rhd1 Rfc8 23. Qb3 Qc7 24. Qc2 Qa5 25. Qe4 Be6 0-1

[Event "BL2 Ost 1213 (Women)"]
[Site "Germany"]
[Date "2012.10.07"]
[Round "2.2"]
[White "Beltz, Franziska"]
[Black "Jakubiec, Edyta"]
[Result "0-1"]
[WhiteElo "2125"]
[BlackElo "2183"]
[PlyCount "112"]
[EventDate "2012.10.06"]
[EventType "team-tourn"]
[EventRounds "7"]
[EventCountry "GER"]
[SourceTitle "EXT 2018"]
[Source "ChessBase"]
[SourceDate "2017.10.13"]
[SourceVersion "1"]
[SourceVersionDate "2017.10.13"]
[SourceQuality "1"]
[WhiteTeam "Leipzig Schachgemeinschaft (W)"]
[BlackTeam "Torgelow Droegeheide (W)"]
[WhiteTeamCountry "GER"]
[BlackTeamCountry "GER"]

1. e4 c5 2. Nf3 d6 3. d4 cxd4 4. Nxd4 Nf6 5. Nc3 a6 6. Bg5 e6 7. f4 Qb6 8. Qd2 Nc6 9. Nb3 Qc7 10. 0-0-0 Be7 11. g4 h6 12. Bxf6 gxf6 13. Rg1 Bd7 14. Rg3 0-0-0 15. Nd5 exd5 16. exd5 Kb8 17. dxc6 Bxc6 18. Nd4 Be4 19. Rc3 Qd7 20. Qe3 d5 21. Bxa6 bxa6 22. Nc6+ Ka8 23. Qb6 Qb7 24. Qxb7+ Kxb7 25. Nxe7 Rd7 26. Nc6 Rc7 27. Na5+ Kb6 28. Rxc7 Kxc7 29. Nb3 Rg8 30. h3 f5 31. gxf5 Bxf5 32. Rxd5 Rg1+ 33. Rd1 Rg2 34. Nd4 Bxh3 35. Rh1 Rg3 36. Ne2 Rf3 37. Kd2 Bg4 38. Rh2 h5 39. c3 Kd6 40. Rg2 Kd5 41. Ng3 Bh3 42. Rg1 h4 43. Nh5 Bf1 44. Rg5+ Kc6 45. Ke1 h3 46. Rg3 h2 47. Rxf3 h1Q 48. Rxf1 Qxh5 49. Kd2 Qh2+ 50. Kd3 Qxb2 51. a4 Qa2 52. Re1 Qxa4 53. Re4 Qd1+ 54. Ke3 a5 55. Rd4 Qc1+ 56. Kd3 a4 0-1

[Event "Oberliga Ost-A 1112"]
[Site "Germany"]
[Date "2012.01.15"]
[Round "7.8"]
[White "Beltz, Franziska"]
[Black "Zeuner, Michael"]
[Result "1-0"]
[WhiteElo "2100"]
[BlackElo "2178"]
[PlyCount "57"]
[EventDate "2011.09.25"]
[EventType "team-tourn"]
[EventRounds "11"]
[EventCountry "GER"]
[SourceTitle "EXT 2013"]
[Source "ChessBase"]
[SourceDate "2012.11.22"]
[SourceVersion "1"]
[SourceVersionDate "2012.11.22"]
[SourceQuality "1"]
[WhiteTeam "Leipzig SG III"]
[BlackTeam "Magdeburg Aufbau Elbe"]
[WhiteTeamCountry "GER"]
[BlackTeamCountry "GER"]

1. e4 c5 2. Nf3 d6 3. d4 cxd4 4. Nxd4 Nf6 5. Nc3 g6 6. Be3 Bg7 7. f3 a6 8. Qd2 b5 9. 0-0-0 Bb7 10. g4 Nbd7 11. Bh6 Bxh6 12. Qxh6 Qb6 13. h4 d5 14. Nxd5 Nxd5 15. exd5 Bxd5 16. Bg2 Qa5 17. Rd3 Qxa2 18. Ra3 Qc4 19. Qg7 Rf8 20. Rd1 b4 21. Ra5 Nf6 22. g5 Rg8 23. gxf6 Rxg7 24. fxg7 0-0-0 25. Bf1 Qc7 26. Rxd5 Rg8 27. Bxa6+ Kb8 28. Nc6+ Ka8 29. Rd8+ 1-0

[Event "BL2 Ost 1112 (Women)"]
[Site "Germany"]
[Date "2011.12.18"]
[Round "5.1"]
[White "Cyfka, Karina"]
[Black "Beltz, Franziska"]
[Result "1/2-1/2"]
[WhiteElo "2353"]
[BlackElo "2100"]
[PlyCount "152"]
[EventDate "2011.10.29"]
[EventType "team-tourn"]
[EventRounds "7"]
[EventCountry "GER"]
[SourceTitle "EXT 2013"]
[Source "ChessBase"]
[SourceDate "2012.11.22"]
[SourceVersion "1"]
[SourceVersionDate "2012.11.22"]
[SourceQuality "1"]
[WhiteTeam "Leipzig WBA (W)"]
[BlackTeam "Leipzig SG (W)"]
[WhiteTeamCountry "GER"]
[BlackTeamCountry "GER"]

1. e4 c5 2. Nf3 d6 3. d4 cxd4 4. Nxd4 Nf6 5. f3 e6 6. c4 a6 7. Nc3 Nbd7 8. Be2 Qc7 9. Nc2 Be7 10. 0-0 b6 11. Ne3 Bb7 12. Kh1 Rc8 13. Bd2 Qb8 14. Be1 0-0 15. Rc1 Rfd8 16. Bf2 Bc6 17. a4 Ne5 18. b4 Bb7 19. Qb3 Rd7 20. Rfd1 Bd8 21. Rc2 Bc7 22. Rcd2 Rcd8 23. Bg3 Ng6 24. Qc2 h5 25. f4 h4 26. f5 hxg3 27. fxg6 gxh2 28. e5 dxe5 29. Rxd7 Rxd7 30. Rxd7 Nxd7 31. gxf7+ Kxf7 32. Bh5+ Ke7 33. Ne4 Qf8 34. Bf3 Qf4 35. Qd3 Bxe4 36. Qxe4 Qxe4 37. Bxe4 Nf6 38. Bb7 e4 39. Bxa6 Bf4 40. Nf1 e3 41. c5 Ne4 42. g3 Bxg3 43. Kg2 bxc5 44. bxc5 Be5 45. Bb5 Nxc5 46. Nxe3 Ne4 47. Ng4 Bc7 48. Bd3 Nc3 49. Bc2 Nd5 50. Bb3 Kd6 51. Nxh2 Kc5 52. Nf1 Kb4 53. Bc2 Nc3 54. Kf3 Nxa4 55. Ne3 Nc5 56. Bh7 Kc3 57. Bg6 Kd4 58. Bh7 Nb3 59. Bg8 Nc5 60. Bh7 Ba5 61. Nc2+ Ke5 62. Ne3 Kd4 63. Nc2+ Ke5 64. Ne3 Kf6 65. Bc2 Bc3 66. Ng4+ Kg5 67. Nf2 Bd4 68. Ne4+ Kh4 69. Nxc5 Bxc5 70. Bg6 Kg5 71. Bd3 Kh5 72. Be2 Kh4 73. Ke4 Bd6 74. Bc4 e5 75. Kf3 g5 76. Be6 g4+ 1/2-1/2